000 00619nam a22002417a 4500
003 UA-OsUOA
001 65157
007 ta
008 20091116b un ||||| |||| 00| 0 ukr d
100 _aРагойша В.
090 _a821.161.3
_bР14
942 _cBK
040 _aUA-OsUOA
_bbel
_cUA-OsUOA
_dUA-OsUOA
245 _aПолюс цяпла
300 _a180 с.
955 _a3
041 _abel
080 _a821.161.3
020 _a978-985-6824-66-4
260 _aМінск
_bКнігазбор
_c2007
650 7 _a82 Література. Літературознавство
_2UDC
999 _c351277
_d351277